Introduction aux systèmes de Marx et Hegel /

Obra que analiza la filosofía de los alemanes Hegel (1770-1831), Ludwig Feuerbach (1804-1872) y Karl Marx (1818-1883), bajo tres aspectos particulares: breve semblanza biografía, su pensamiento filosófico y observaciones a dicho pensamiento.

Guardat en:
Dades bibliogràfiques
Autor principal: Touilleux, Paul (autor)
Format: Llibre
Idioma:francès
Publicat: Tournai, Bélgica : Desclée de Brouwer, 1960, c1960
Matèries:
Etiquetes: Afegir etiqueta
Sense etiquetes, Sigues el primer a etiquetar aquest registre!

MARC

LEADER 00000nam^a2200000^a^4500
001 000318651
005 20250521000000.0
009 20260310113419.723
037 |a Acervo Xavier Clavigero 
041 |a FRA 
082 |a 141.  |b HEG EST TOU 
100 |a Touilleux, Paul  |e (autor) 
245 1 0 |a Introduction aux systèmes de Marx et Hegel /  |c P. Touilleux. 
264 4 |a Tournai, Bélgica :  |b Desclée de Brouwer,  |c 1960, c1960 
300 |a 183 p. 
336 |a texto  |b txt  |2 rdacontenido 
337 |a sin mediación  |b n  |2 rdamedio 
338 |a volumen  |b nc  |2 rdasoporte 
520 |a Obra que analiza la filosofía de los alemanes Hegel (1770-1831), Ludwig Feuerbach (1804-1872) y Karl Marx (1818-1883), bajo tres aspectos particulares: breve semblanza biografía, su pensamiento filosófico y observaciones a dicho pensamiento. 
649 |a XX 
650 |a Filósofos Alemanes 
650 |a Idealismo -  |x Historia y Crítica 
650 |a Marxismo -  |x Historia y Crítica 
650 |a Filosofía del Siglo XIX -  |x Historia y Crítica 
650 |a Filosofía Alemana -  |x Historia y Crítica 
650 |a Hegel, Friedrich -  |x Tema Principal 
650 |a Feuerbach, Ludwig -  |x Tema Principal 
650 |a Marx, Karl -  |x Tema Principal 
910 |a Fondo General 
920 |a Impresos - Libros 
930 |a Colección General 
905 |a 101 
901 |a 015109  |b IT1  |c ACC  |u 20250521 
902 |a https://opac.biblio.iteso.mx/vufind/Record/000318651